000 00678nam a2200229Ia 4500
003 OSt
005 20220918213852.0
006 a|||||r|||| 00| 0
007 ta
008 220917b |||||||| |||| 00| 0 eng d
024 _a134,749
037 _cTextual
040 _aARTS
_cARTS
_beng
041 _2eng
_aeng
082 _aX:9(Y173Q5).58.N7, L0
100 _aMendelsohn Ezra
_9128835
245 0 _aClass struggle in the pale
_b The formative years of the Jewish worker's movement in Tsarist Russia
260 _aNA
_bNA
_c1970
650 _aECONOMICS
942 _hX:9(Y173Q5).58.N7, L0
_cTEXL
_2CC
999 _c257850
_d257850